000 00687nam a2200253 i 4500
001 C2-0220431
003 PPAK
005 20180728150548.0
008 990926s1983 enka|||| ||||| | eng d
020 _a0714822302
040 _aPPAK
_beng
_cPPAK
_erda
082 0 4 _a759.4
_223
090 0 0 _a759.4
_bWIL
_dR
100 1 _aWilson, Michael,
_eauthor
245 1 4 _aThe Impressionists
264 1 _aOxford :
_bPhaidon ,
_c1983
300 _a190 pages :
_billustrations ;
_c30 cm
336 _2rdacontent
_atext
337 _2rdamedia
_aunmediated
338 _2rdacarrier
_avolume
500 _aincludes index
650 1 0 _aPainting, French ; Impressionism (Art)
942 _ddc
_cB
999 _c142532
_d142532